000 00236nam a2200097Ia 4500
001 970049
005 20250826220502.0
008 250824s9999 xx 000 0 und d
245 0 _aİNSAN NEYLE YAŞAR
_cTOLSTOY
260 _bPANAMA YAYINLARI
999 _c970049
_d970049